[Event "IRI-ch Online"]
[Site "Chess.com INT"]
[Date "2021.03.16"]
[Round "4"]
[White "Ahmadi, Erfan"]
[Black "Savadpour, Benyamin"]
[Result "1-0"]
[WhiteElo "1761"]
[BlackElo "1474"]
[PlyCount "91"]
[EventDate "2021.03.15"]
[EventType "swiss (rapid)"]
[EventRounds "11"]
[EventCountry "IRI"]
[SourceTitle "CBM 201 Extra"]
[Source "ChessBase"]
[SourceDate "2021.05.31"]
[SourceVersion "1"]
[SourceVersionDate "2021.05.31"]
[SourceQuality "1"]

1. e4 e5 2. Nf3 Nc6 3. Bc4 d6 4. d3 Bg4 5. c3 Nf6 6. Nbd2 Be7 7. Bb3 0-0 8. Nf1 d5 9. Qe2 d4 10. Ng3 Qd6 11. h3 Bd7 12. 0-0 Rad8 13. Nh4 Be6 14. Bc2 Nd7 15. Nhf5 Bxf5 16. Nxf5 Qg6 17. Qf3 Bf6 18. h4 h6 19. h5 Qh7 20. Qg4 Kh8 21. Bd2 Ne7 22. Ng3 Rg8 23. Bb3 Rgf8 24. cxd4 exd4 25. f4 g6 26. Rac1 c5 27. Rce1 Rg8 28. Qh3 Nb6 29. e5 Bg7 30. Bxf7 Rgf8 31. hxg6 Nxg6 32. e6 Nd5 33. f5 Ne5 34. f6 Bxf6 35. Rxf6 Nxf6 36. Rxe5 Rxf7 37. exf7 Rf8 38. Bxh6 Rxf7 39. Ne4 Ng8 40. Rh5 Qg6 41. Bf8+ Rh7 42. Rxh7+ Qxh7 43. Qg3 b6 44. Qe5+ Nf6 45. Nxf6 Qxd3 46. Qh5+ 1-0

[Event "IRI-ch Online"]
[Site "Chess.com INT"]
[Date "2021.03.16"]
[Round "3"]
[White "Savadpour, Benyamin"]
[Black "Shahsavari, Mohammad Amin"]
[Result "1-0"]
[WhiteElo "1474"]
[BlackElo "1231"]
[PlyCount "43"]
[EventDate "2021.03.15"]
[EventType "swiss (rapid)"]
[EventRounds "11"]
[EventCountry "IRI"]
[SourceTitle "CBM 201 Extra"]
[Source "ChessBase"]
[SourceDate "2021.05.31"]
[SourceVersion "1"]
[SourceVersionDate "2021.05.31"]
[SourceQuality "1"]

1. d4 d5 2. Nf3 Nf6 3. e3 e6 4. Bd3 Bd6 5. 0-0 0-0 6. b3 b6 7. Bb2 Bb7 8. Ne5 Bxe5 9. dxe5 Nfd7 10. Qh5 h6 11. f4 Nc6 12. Rf3 Nb4 13. Rg3 Kh8 14. Qg4 Rg8 15. Nd2 Nxd3 16. cxd3 Qe7 17. a3 Nf8 18. f5 exf5 19. Qxf5 Ng6 20. e6 Nh4 21. Qf4 Ng6 22. Qxh6# 1-0